LDR 00799naa#a2200181#i#450# 001 EN\\bibl\126705 005 20260630024341.2 011 ## _a2223-9987 100 ## _a20260629b2026####ek#y0engy0150####ca 102 ## _aRU 200 1# _aAnalysis of the Current State and Prospects for the Development of Competition in the Field of Procurement in the Context of the Concept of Technological Development of Russia _eJournal article 210 1# _aSaint-Petersburg _cFSBEI HE "Emperor Alexander I St. Petersburg State Transport University" _d2026 215 ## _a12 с. 608 ## _aJournal article _2local 675 ## _aЭкономика строительства. 69.003 _aЗакупки. План закупок. 658.71 _z 700 #1 _aMironov _gSergey Igorevich 700 #1 _aOparin _gSergey Gennadievich 856 4# _aatjournal.ru _u